[Event "Mittelfranken-chT2b 1617"]
[Site "Mittelfranken"]
[Date "2016.11.13"]
[Round "2.8"]
[White "Arlt, Birgit"]
[Black "Oberhofer, Marc"]
[Result "1/2-1/2"]
[WhiteElo "1611"]
[BlackElo "1647"]
[PlyCount "98"]
[EventDate "2016.10.23"]
[EventType "team-tourn"]
[EventRounds "9"]
[EventCountry "GER"]
[SourceTitle "EXT 2022"]
[Source "ChessBase"]
[SourceDate "2021.10.06"]
[SourceVersion "1"]
[SourceVersionDate "2021.10.06"]
[SourceQuality "1"]
[WhiteTeam "Schwanstetten"]
[BlackTeam "Heideck/Hilpoltstein"]
[WhiteTeamCountry "GER"]
[BlackTeamCountry "GER"]

1. e4 c5 2. Nf3 Nc6 3. d4 cxd4 4. Nxd4 e5 5. Nxc6 bxc6 6. Be3 Nf6 7. f3 d5 8. Bd3 Be7 9. c3 0-0 10. Qc2 Be6 11. 0-0 Qc7 12. Nd2 h6 13. Be2 Rad8 14. Rac1 Rd7 15. Bd3 Rfd8 16. Rfd1 Qb7 17. b3 c5 18. exd5 Nxd5 19. Nc4 Nxe3 20. Nxe3 Bg5 21. Qe2 f5 22. Rb1 Qc8 23. Nc4 Bf6 24. Bc2 Rxd1+ 25. Rxd1 Rxd1+ 26. Bxd1 Qd7 27. Bc2 Qc7 28. Qd3 g6 29. Qd6 Qxd6 30. Nxd6 Kf8 31. Nb5 a5 32. Nc7 Bc8 33. Nd5 Bg5 34. c4 Kf7 35. g3 h5 36. Kf2 Bc1 37. Nb6 Be6 38. Ke2 Bb2 39. Bd3 Bd4 40. Na8 Bg1 41. h3 Bh2 42. Kf2 h4 43. g4 Bf4 44. gxf5 gxf5 45. Bf1 Bg5 46. Nc7 Bd7 47. Nd5 Ke6 48. Ke2 Bc6 49. Nc3 Bf6 1/2-1/2

[Event "Mittelfranken-chTB2b 1415"]
[Site "Mittelfranken"]
[Date "2014.11.16"]
[Round "3.8"]
[White "Osthof, Rudolf"]
[Black "Oberhofer, Marc"]
[Result "1-0"]
[WhiteElo "1609"]
[BlackElo "1632"]
[PlyCount "55"]
[EventDate "2014.09.28"]
[EventType "team-tourn"]
[EventRounds "9"]
[EventCountry "GER"]
[SourceTitle "EXT 2020"]
[Source "ChessBase"]
[SourceDate "2019.10.17"]
[SourceVersion "1"]
[SourceVersionDate "2019.10.17"]
[SourceQuality "1"]
[WhiteTeam "Forchheim III"]
[BlackTeam "Heideck/Hilpoltstein"]
[WhiteTeamCountry "GER"]
[BlackTeamCountry "GER"]

1. Nf3 c5 2. b3 d5 3. d4 cxd4 4. Bb2 Nc6 5. Nxd4 e6 6. e3 Nf6 7. Nd2 Bd6 8. N2f3 a6 9. Nxc6 bxc6 10. Bd3 a5 11. 0-0 0-0 12. Ne5 Qc7 13. f4 Nd7 14. Nxd7 Qxd7 15. Bxh7+ Kxh7 16. Qh5+ Kg8 17. Bxg7 f5 18. Qh8+ Kf7 19. Bxf8 Bxf8 20. Rf3 Bg7 21. Qh5+ Kf8 22. Raf1 Ba6 23. R1f2 d4 24. Rd2 Qa7 25. exd4 Bxd4+ 26. Kh1 Bg7 27. c4 Qb6 28. Rd7 1-0

[Event "Landesliga U20 Nord 1415"]
[Site "Bayern"]
[Date "2014.11.15"]
[Round "1.2"]
[White "Oberhofer, Marc"]
[Black "Schilay, Lorenz"]
[Result "0-1"]
[WhiteElo "1632"]
[BlackElo "1806"]
[PlyCount "70"]
[EventDate "2014.11.15"]
[EventType "team-tourn"]
[EventRounds "7"]
[EventCountry "GER"]
[SourceTitle "EXT 2022"]
[Source "ChessBase"]
[SourceDate "2021.10.06"]
[SourceVersion "1"]
[SourceVersionDate "2021.10.06"]
[SourceQuality "1"]
[WhiteTeam "Heideck/Hilpoltstein U20"]
[BlackTeam "Neumarkt U20"]
[WhiteTeamCountry "GER"]
[BlackTeamCountry "GER"]

1. e4 e5 2. Nf3 Nc6 3. Bc4 Nf6 4. d3 d6 5. h3 Be6 6. Bxe6 fxe6 7. c3 Be7 8. Qb3 Qc8 9. Be3 h6 10. Nbd2 Qd7 11. Qc2 g5 12. Nh2 d5 13. d4 exd4 14. cxd4 dxe4 15. Nxe4 Nxd4 16. Nxf6+ Bxf6 17. Qg6+ Qf7 18. Qxf7+ Kxf7 19. Bxd4 Bxd4 20. Rc1 c5 21. Ke2 b6 22. b3 e5 23. f3 Rhe8 24. Ng4 h5 25. Ne3 Bxe3 26. Kxe3 Rad8 27. Rhd1 Rd4 28. Rxd4 exd4+ 29. Kd2 h4 30. Rf1 Kg6 31. Rc1 Kf5 32. b4 Re5 33. a4 Kf4 34. Rc2 Kg3 35. Kc1 cxb4 0-1